000 005140000a22001810004500
003 MACL
005 20160417161042.0
008 160417b xxu||||| |||| 00| 0 eng d
040 _aMACL
_cMACL
041 _aHindi
082 _a070 MOM
100 _aमोहन अरविन्‍द
_952718
245 _aमीडिया की खबर
260 _bक्षर योजना
_c2008
_aनई दिल्‍ली
350 _a175
650 _aJournalism
_952719
942 _cHIN
_k070/MOH
_2ddc
999 _c41055
_d41055